000
00295nam a22001337a 4500
008
181029b xxu||||| |||| 00| 0 eng d
020
_a
9780312464394
041
_a
eng
080
_a
316
100
_a
50
101
_a
SOC
245
_a
The Presence of Others
_c
Lunsford, A.A
942
_2
udc
_c
BK
999
_c
51049
_d
51049